00686nam a22001697a 4500003000900000008004100009040007100050082002500121100002500146245008000171260003900251300002800290505015600318650001200474650001100486650001900497AR-CdUCM190417b ||||| |||| 00| 0 spa d aMUNICIPALIDAD PROVINCIAL DEL CUSCOcBIBLIOTECA MUNICIPAL DEL CUSCO a869.63 /bG25 / 1939 aGarcia Prada, Carlos aLuz que flota en el olvido :bPoema Colombiano en 120 sonetos originales /  aMéxico : bUniversitaria,c1939. a131 páginas ;c24 cm. aContenido : Alvarez Henao, Enrique: La abeja -- Angel Montoya, Alberto : Retratos de familia -- Arciniegas, Ismael Enrique : Impresión dominical ...  aSonetos aPoetas aVarios autores